[Event "DVM U16 2012"]
[Site "Naumburg (Saale) GER"]
[Date "2012.12.30"]
[Round "7"]
[White "Hoffmann, Dustin"]
[Black "von Bargen, Lukas"]
[Result "1-0"]
[Termination "normal"]
[Board "6.3"]
[WhiteElo "1706"]
[BlackElo "1661"]
[WhiteTeam "SV Merseburg"]
[BlackTeam "Königsspringer Iserlohn 1934"]
[WhiteFideId "1270566"]
[BlackFideId "12946141"]
[EventCountry "GER"]
[EventRounds "7"]
[EventType "team-swiss"]
[EventDate "2012.12.26"]

1. e4 c5 2. Nf3 d6 3. d4 cxd4 4. Nxd4 Nf6 5. Nc3 g6 6. Be3 Bg7 7. Be2 O-O 8.
O-O Nc6 9. Kh1 Bd7 10. f4 a6 11. Bf3 Rb8 12. a4 Qc7 13. Nb3 Be6 14. Nd5 Bxd5
15. exd5 Na5 16. Nxa5 Qxa5 17. c3 Nd7 18. Re1 Rfe8 19. Bd4 Bxd4 20. Qxd4 Qc5
21. Qd2 Nb6 22. a5 Nd7 23. Re2 Nf6 24. b3 Qb5 25. Qb2 Rbc8 26. c4 Qc5 27. Qd2
Qa7 28. Rae1 Rc7 29. g4 Kf8 30. g5 Ng8 31. Qb2 Qc5 32. Qc3 Rb8 33. Re3 Re8 34.
Bg4 Rb8 35. Rh3 b5 36. Rxh7 Qxd5+ 37. Bf3 1-0

[Event "DVM U16 2012"]
[Site "Naumburg (Saale) GER"]
[Date "2012.12.30"]
[Round "7"]
[White "Nissen, Arne"]
[Black "Jacob, Hannes"]
[Result "0-1"]
[Termination "normal"]
[Board "6.4"]
[WhiteElo "1082"]
[BlackElo "1659"]
[WhiteTeam "Königsspringer Iserlohn 1934"]
[BlackTeam "SV Merseburg"]
[WhiteFideId "12964417"]
[BlackFideId "12910350"]
[EventCountry "GER"]
[EventRounds "7"]
[EventType "team-swiss"]
[EventDate "2012.12.26"]

1. e4 e5 2. Nf3 Nc6 3. d4 exd4 4. Nxd4 Bc5 5. Be3 Qf6 6. c3 a6 7. Bc4 d6 8. O-O
Ne5 9. Nd2 Qg6 10. g3 Nf6 11. Nf5 Bxf5 12. exf5 Qxf5 13. Bxc5 dxc5 14. Re1
O-O-O 15. Qe2 Rxd2 16. Qxd2 Nf3+ 0-1

[Event "DVM U16 2012"]
[Site "Naumburg (Saale) GER"]
[Date "2012.12.30"]
[Round "7"]
[White "Simanowski, Mio"]
[Black "Riehle, Marco"]
[Result "0-1"]
[Termination "normal"]
[Board "7.1"]
[WhiteElo "1893"]
[BlackElo "1849"]
[WhiteTeam "SV Mülheim-Nord 1931"]
[BlackTeam "SF Sasbach"]
[WhiteFideId "24687154"]
[BlackFideId "12904392"]
[EventCountry "GER"]
[EventRounds "7"]
[EventType "team-swiss"]
[EventDate "2012.12.26"]

1. e4 e5 2. Nf3 Nc6 3. Bc4 Bc5 4. d3 d6 5. O-O Nf6 6. c3 Bg4 7. Nbd2 Qd7 8. a4
a5 9. Qb3 O-O 10. Bb5 Rab8 11. Qc2 Qe7 12. Re1 Nh5 13. h3 Bd7 14. Nb3 Bb6 15.
Qe2 f5 16. exf5 Rxf5 17. d4 Rbf8 18. Nbd2 Nf4 19. Qf1 Rh5 20. h4 Rf6 21. Ne4
Nh3+ 22. gxh3 Rxf3 23. Bg5 Qf7 24. Ng3 h6 25. Be2 hxg5 26. Bxf3 Qxf3 27. Re3
Qf7 28. Nxh5 Qxh5 29. hxg5 exd4 30. cxd4 Nxd4 31. Raa3 Bc6 32. Qd3 Qxg5+ 33.
Kf1 Qg2+ 34. Ke1 Qg1+ 35. Kd2 Qxf2+ 36. Kc3 Qf6 37. Kd2 Bc5 38. Rc3 Bb4 39. Kc1
Bxc3 40. bxc3 Nb3+ 41. Kb1 Nc5 42. Qc4+ Qf7 43. Qe2 Nxa4 44. Qc2 Qf1+ 45. Ka2
Bd5+ 46. c4 Bxc4+ 47. Rb3 Nc5 0-1

[Event "DVM U16 2012"]
[Site "Naumburg (Saale) GER"]
[Date "2012.12.30"]
[Round "7"]
[White "Bohnert, Dominik"]
[Black "Vavro, Maximilian"]
[Result "1-0"]
[Termination "normal"]
[Board "7.2"]
[WhiteElo "1956"]
[BlackElo "1839"]
[WhiteTeam "SF Sasbach"]
[BlackTeam "SV Mülheim-Nord 1931"]
[WhiteFideId "12918075"]
[BlackFideId "12918954"]
[EventCountry "GER"]
[EventRounds "7"]
[EventType "team-swiss"]
[EventDate "2012.12.26"]

1. e4 c6 2. c4 e6 3. Nc3 d5 4. d4 Bb4 5. a3 Bxc3+ 6. bxc3 dxe4 7. f3 exf3 8.
Nxf3 Nf6 9. Bd3 Nbd7 10. O-O O-O 11. Bg5 h6 12. Bh4 Qa5 13. c5 Nd5 14. Rc1 Ne3
15. Qe2 Nxf1 16. Qe4 f5 17. Qxe6+ Kh8 18. Rxf1 Nf6 19. Qe7 Qd8 20. Bxf6 gxf6
21. Qe3 Kg7 22. Nh4 Qc7 23. Rf3 Rg8 24. Bc4 Rf8 25. Rg3+ Kh7 26. Rg6 f4 27. Qe2
Bf5 28. Qh5 Bxg6 29. Qxg6+ Kh8 30. Qxh6+ Qh7 31. Ng6# 1-0

[Event "DVM U16 2012"]
[Site "Naumburg (Saale) GER"]
[Date "2012.12.30"]
[Round "7"]
[White "Stoer, Nathan"]
[Black "Ehmann, Thilo"]
[Result "1-0"]
[Termination "normal"]
[Board "7.3"]
[WhiteElo "1706"]
[BlackElo "1900"]
[WhiteTeam "SV Mülheim-Nord 1931"]
[BlackTeam "SF Sasbach"]
[WhiteFideId "1271569"]
[BlackFideId "12940968"]
[EventCountry "GER"]
[EventRounds "7"]
[EventType "team-swiss"]
[EventDate "2012.12.26"]

1. Nf3 c5 2. g3 b5 3. Bg2 Bb7 4. O-O Nf6 5. d4 e6 6. Nc3 b4 7. Na4 c4 8. c3 a5
9. b3 cxb3 10. Qxb3 Be7 11. a3 Bd5 12. c4 Be4 13. Ne5 Bxg2 14. Kxg2 O-O 15. e3
Qc7 16. c5 d6 17. Nd3 dxc5 18. Naxc5 Bxc5 19. Nxc5 Nc6 20. Bd2 bxa3 21. Rxa3
Rfd8 22. Qc4 Qd6 23. Rfa1 Qc7 24. Nd3 Qb7 25. f3 Qb6 26. Rc1 Rdc8 27. Qa4 h6
28. Rac3 Ne7 29. Rb3 Qa6 30. Rxc8+ Qxc8 31. Rb5 Nc6 32. Rc5 Ra6 33. Ne5 Nd7 34.
Rxc6 Rxc6 35. Nxc6 Qb7 36. Nxa5 Qa6 37. Qc4 Qa8 38. Qc6 Qxc6 39. Nxc6 Nb6 40.
Bb4 f6 41. Bc5 Nd5 42. e4 Nc7 43. Nd8 1-0

[Event "DVM U16 2012"]
[Site "Naumburg (Saale) GER"]
[Date "2012.12.30"]
[Round "7"]
[White "Gubela, Hans-Erich Constantin"]
[Black "Kremer, Moritz"]
[Result "1-0"]
[Termination "normal"]
[Board "7.4"]
[WhiteElo "1789"]
[BlackElo "1725"]
[WhiteTeam "SF Sasbach"]
[BlackTeam "SV Mülheim-Nord 1931"]
[WhiteFideId "24692140"]
[BlackFideId "1270623"]
[EventCountry "GER"]
[EventRounds "7"]
[EventType "team-swiss"]
[EventDate "2012.12.26"]

1. a3 d5 2. c4 c6 3. e3 Nf6 4. Nf3 g6 5. b3 Bg7 6. Bb2 O-O 7. Be2 Nbd7 8. O-O
b6 9. d3 Bb7 10. Nbd2 c5 11. Rc1 Rc8 12. Qc2 Qc7 13. Qb1 Qb8 14. d4 dxc4 15.
Nxc4 Rfd8 16. Rfd1 h5 17. h3 Qa8 18. dxc5 Nxc5 19. b4 Ncd7 20. Nce5 Nxe5 21.
Bxe5 Nd5 22. Bxg7 Kxg7 23. Qb2+ Kg8 24. Qe5 Rxc1 25. Rxc1 Rc8 26. Qb2 Rxc1+ 27.
Qxc1 Qb8 28. Nd4 a6 29. Bf3 Nf6 30. Bxb7 Qxb7 31. Qc6 Qxc6 32. Nxc6 Kf8 33. Nb8
a5 34. bxa5 bxa5 35. Nc6 a4 36. Ne5 Ke8 37. Nc4 Nd7 38. Kf1 Kd8 39. Ke2 Kc7 40.
Nb2 Ne5 41. f4 Nd7 42. Nxa4 Kc6 43. e4 Kb5 44. Nb2 f6 45. Ke3 Kc5 46. Kd3 Nb6
47. Kc3 h4 48. Nd3+ Kb5 49. Ne1 f5 50. Kd4 Kc6 51. Nf3 fxe4 52. Kxe4 Nc4 53.
Ne5+ 1-0

[Event "DVM U16 2012"]
[Site "Naumburg (Saale) GER"]
[Date "2012.12.30"]
[Round "7"]
[White "Schulz, Lukas"]
[Black "Richter, Leonard"]
[Result "0-1"]
[Termination "normal"]
[Board "8.1"]
[WhiteElo "1872"]
[BlackElo "1926"]
[WhiteTeam "SC Höchstadt/Aisch"]
[BlackTeam "BSG Grün-Weiß Leipzig"]
[WhiteFideId "12924881"]
[BlackFideId "12900290"]
[EventCountry "GER"]
[EventRounds "7"]
[EventType "team-swiss"]
[EventDate "2012.12.26"]

1. d4 Nf6 2. e3 g6 3. c4 Bg7 4. Nc3 O-O 5. f4 d6 6. Nf3 c5 7. d5 e6 8. e4 b5 9.
dxe6 fxe6 10. cxb5 d5 11. e5 Nh5 12. g3 Bb7 13. Bh3 d4 14. Bxe6+ Kh8 15. Nb1
Bxe5 16. Nxe5 Bxh1 17. Nd2 Qe7 18. Qb3 Re8 19. Bh3 Nd7 20. Bxd7 Qxd7 21. Ndc4
Qd5 22. Bd2 Qe4+ 23. Be3 Bf3 24. Nf7+ Kg7 25. Ng5 Qd5 26. Kf1 Bg2+ 27. Kg1 Bh1
28. Qc2 dxe3 29. Rd1 e2 30. Qc3+ Nf6 31. Rxd5 e1=Q+ 32. Qxe1 Rxe1+ 33. Kf2 Rae8
34. Rd2 Ng4# 0-1

[Event "DVM U16 2012"]
[Site "Naumburg (Saale) GER"]
[Date "2012.12.30"]
[Round "7"]
[White "Schmücker, Felix"]
[Black "Koch, Christian"]
[Result "0-1"]
[Termination "normal"]
[Board "8.2"]
[WhiteElo "2073"]
[BlackElo "1742"]
[WhiteTeam "BSG Grün-Weiß Leipzig"]
[BlackTeam "SC Höchstadt/Aisch"]
[WhiteFideId "12900273"]
[BlackFideId "1272124"]
[EventCountry "GER"]
[EventRounds "7"]
[EventType "team-swiss"]
[EventDate "2012.12.26"]

1. e4 d6 2. d4 Nf6 3. Nc3 g6 4. Be3 Bg7 5. Qd2 O-O 6. f3 Nbd7 7. O-O-O Nb6 8.
g4 h5 9. gxh5 Nxh5 10. Bd3 d5 11. e5 Nc4 12. Bxc4 dxc4 13. Nge2 Bf5 14. Ng3 e6
15. Bh6 Kh7 16. Bxg7 Kxg7 17. d5 Rh8 18. Nce4 b6 19. Nxh5+ Rxh5 20. Nf6 Rh3 21.
Qe2 exd5 22. Nxd5 Qh4 23. Kb1 Rc8 24. Rd2 b5 25. e6 Bxe6 26. Qe5+ Kf8 27. Nxc7
Rxc7 28. Qxc7 Rxf3 29. Qxa7 Qf6 30. Rhd1 Rf1 31. Qd4 Qxd4 32. Rxd4 Rf2 33. R4d2
Rxd2 34. Rxd2 Ke7 35. a4 bxa4 36. c3 f5 37. Ka2 g5 38. Ka3 f4 39. Kxa4 Kf6 40.
Kb4 g4 41. Kc5 Kf5 42. Rf2 f3 43. Kd6 Bg8 44. Kc5 Ke4 45. Rd2 Ke3 46. Rd8 Bh7
47. Re8+ Be4 48. Kxc4 f2 49. Rf8 f1=Q+ 50. Rxf1 Bd3+ 51. Kc5 Bxf1 52. b4 Kf2
53. b5 Kg1 54. b6 Bg2 55. Kd6 Kxh2 56. c4 Ba8 57. c5 g3 58. c6 g2 59. b7 Bxb7
60. cxb7 g1=Q 61. Kc7 Qc5+ 0-1

[Event "DVM U16 2012"]
[Site "Naumburg (Saale) GER"]
[Date "2012.12.30"]
[Round "7"]
[White "Mönius, Alexander"]
[Black "Caprita, Victor"]
[Result "0-1"]
[Termination "normal"]
[Board "8.3"]
[WhiteElo "1747"]
[BlackElo "1482"]
[WhiteTeam "SC Höchstadt/Aisch"]
[BlackTeam "BSG Grün-Weiß Leipzig"]
[WhiteFideId "12949795"]
[BlackFideId "12946125"]
[EventCountry "GER"]
[EventRounds "7"]
[EventType "team-swiss"]
[EventDate "2012.12.26"]

1. d4 d5 2. Nf3 e6 3. Bf4 c5 4. c3 Nc6 5. e3 Nf6 6. Bb5 Bd7 7. Qe2 Be7 8. Ne5
a6 9. Bxc6 Bxc6 10. Nxc6 bxc6 11. Nd2 O-O 12. O-O Qb6 13. Nf3 cxd4 14. cxd4 c5
15. dxc5 Bxc5 16. Ne5 Bd6 17. Rac1 Rac8 18. Rc2 a5 19. Rfc1 Qxb2 20. Rxb2 Rxc1+
21. Qf1 Rxf1+ 22. Kxf1 h6 23. Rb7 Bxe5 24. Bxe5 Rc8 25. Rb8 Rxb8 26. Bxb8 Kf8
27. a4 Ne4 28. Bc7 Nc3 29. Bxa5 Nxa4 30. Bb4+ Ke8 31. Ke2 Nb6 32. h4 h5 33. Kf3
Nd7 34. Bc3 g6 35. e4 dxe4+ 36. Kxe4 Ke7 37. Bb4+ Kf6 38. Bc3+ Ke7 39. Bb4+ Ke8
40. f3 f6 41. f4 Kf7 42. Bc3 Ke7 43. Bb4+ Ke8 44. Kf3 e5 45. Bc3 Ke7 46. fxe5
fxe5 47. Bd2 Kd6 48. Be3 Kd5 49. g4 Nc5 50. gxh5 gxh5 51. Kg3 Ne6 52. Kf2 e4
53. Bd2 Kd4 54. Ke2 Ng7 55. Be3+ Kc4 56. Bf2 Nf5 57. Kd2 Kd5 58. Ke2 Ke5 59.
Kd2 Kf4 60. Kc3 e3 61. Be1 Kf3 62. Kd3 e2 63. Kd2 Ne3 64. Kd3 Ng2 65. Kd2 Nf4
66. Kc2 Kg2 67. Kc3 Kf1 68. Kd2 Ng2 69. Bg3 0-1

[Event "DVM U16 2012"]
[Site "Naumburg (Saale) GER"]
[Date "2012.12.30"]
[Round "7"]
[White "Schaefer, Matthes"]
[Black "Mönius, Oliver"]
[Result "1/2-1/2"]
[Termination "normal"]
[Board "8.4"]
[WhiteElo "1344"]
[BlackElo "1331"]
[WhiteTeam "BSG Grün-Weiß Leipzig"]
[BlackTeam "SC Höchstadt/Aisch"]
[WhiteFideId "12946117"]
[BlackFideId "12949906"]
[EventCountry "GER"]
[EventRounds "7"]
[EventType "team-swiss"]
[EventDate "2012.12.26"]

1. e4 d6 2. d4 Nf6 3. Nc3 g6 4. Be3 Bg7 5. Qd2 Ng4 6. Bg5 f6 7. Bh4 g5 8. Bg3
Nc6 9. f3 Nh6 10. O-O-O b6 11. Bb5 Bd7 12. Nge2 a6 13. Bxc6 Bxc6 14. d5 Bd7 15.
Nd4 Qb8 16. h3 b5 17. f4 Nf7 18. Ne6 Bh6 19. fxg5 Bxg5 20. Nxg5 Nxg5 21. Qe3 a5
22. Rhe1 b4 23. Nb1 Qb5 24. e5 O-O-O 25. exf6 exf6 26. Qa7 a4 27. Rd4 Qb7 28.
Qxb7+ Kxb7 29. Rxb4+ Kc8 30. Nc3 Rhg8 31. Bf2 Rde8 32. Rxe8+ Bxe8 33. Nxa4 Bg6
34. Nc3 Re8 35. Rd4 Ne4 36. Nxe4 Bxe4 37. g3 Bg6 38. Kd2 Re5 39. a4 Be4 40. g4
Rxd5 41. Rxd5 Bxd5 42. a5 Kb7 43. b4 Bg2 44. h4 Bf3 45. g5 fxg5 46. hxg5 Ka6
47. c4 c6 48. Ke3 Bg4 49. Kf4 Bf3 50. Bg3 d5 51. cxd5 cxd5 52. Ke5 Bg2 53. Be1
Bf1 54. Kxd5 Kb5 55. Kd6 Bd3 56. Kc7 Be2 57. Kb7 Bf3+ 58. Ka7 Bg4 59. a6
1/2-1/2

[Event "DVM U16 2012"]
[Site "Naumburg (Saale) GER"]
[Date "2012.12.30"]
[Round "7"]
[White "Becker, Dirk"]
[Black "Basaran, Mehmet"]
[Result "1-0"]
[Termination "normal"]
[Board "9.1"]
[WhiteElo "1813"]
[BlackElo "1749"]
[WhiteTeam "OSG Baden-Baden"]
[BlackTeam "SV Unterkochen"]
[WhiteFideId "12938564"]
[BlackFideId "12929042"]
[EventCountry "GER"]
[EventRounds "7"]
[EventType "team-swiss"]
[EventDate "2012.12.26"]

1. e4 e5 2. Nf3 Nc6 3. Bc4 Bc5 4. c3 Nf6 5. d4 exd4 6. O-O d6 7. cxd4 Bb6 8.
Nc3 Bg4 9. Be3 Bxf3 10. gxf3 Qd7 11. Kh1 O-O-O 12. Rb1 a6 13. b4 Rdg8 14. Rg1
h6 15. Qb3 Nd8 16. a4 g5 17. a5 Ba7 18. b5 axb5 19. Nxb5 Kb8 20. a6 b6 21. d5
Qc8 22. Be2 Nd7 23. Rgc1 Rg6 24. Rxc7 Qxc7 25. Nxc7 Kxc7 26. Qc3+ 1-0

[Event "DVM U16 2012"]
[Site "Naumburg (Saale) GER"]
[Date "2012.12.30"]
[Round "7"]
[White "Wallinger, Lukas"]
[Black "Steimbach, Isabel"]
[Result "1/2-1/2"]
[Termination "normal"]
[Board "9.2"]
[WhiteElo "1551"]
[BlackElo "1761"]
[WhiteTeam "SV Unterkochen"]
[BlackTeam "OSG Baden-Baden"]
[WhiteFideId "1272003"]
[BlackFideId "24692174"]
[EventCountry "GER"]
[EventRounds "7"]
[EventType "team-swiss"]
[EventDate "2012.12.26"]

1. e4 e5 2. Nf3 d6 3. d4 exd4 4. Nxd4 Nf6 5. Nc3 Be7 6. Be3 O-O 7. Be2 Re8 8.
Qd2 Bf8 9. f3 a6 10. g4 Nfd7 11. h4 Nc6 12. O-O-O Nde5 13. Rdg1 Nxd4 14. Bxd4
b5 15. a3 Bb7 16. f4 c5 17. fxe5 cxd4 18. Qxd4 dxe5 19. Qxd8 Rexd8 20. Bf3 Rd6
21. Rd1 Rad8 22. Rxd6 Rxd6 23. Rd1 Rxd1+ 24. Kxd1 g6 25. Kd2 f5 26. gxf5 gxf5
27. Ke3 Bh6+ 28. Ke2 fxe4 29. Nxe4 Bxe4 30. Bxe4 Bc1 31. Bb7 Bxb2 32. Bxa6 Bxa3
33. Bxb5 Kg7 34. Kf3 Be7 35. Ke4 Kf6 36. Bd7 Bb4 37. c4 h6 1/2-1/2

[Event "DVM U16 2012"]
[Site "Naumburg (Saale) GER"]
[Date "2012.12.30"]
[Round "7"]
[White "Fesselier, Melissa"]
[Black "Haidl, Richard"]
[Result "1-0"]
[Termination "normal"]
[Board "9.3"]
[WhiteElo "1723"]
[BlackElo "1508"]
[WhiteTeam "OSG Baden-Baden"]
[BlackTeam "SV Unterkochen"]
[WhiteFideId "20689284"]
[BlackFideId "12962422"]
[EventCountry "GER"]
[EventRounds "7"]
[EventType "team-swiss"]
[EventDate "2012.12.26"]

1. e4 e5 2. Nf3 Nc6 3. Bc4 Bc5 4. c3 Nf6 5. d3 h6 6. Nbd2 d6 7. Bb3 Bg4 8. h3
Bh5 9. Nf1 Qd7 10. Ng3 Bg6 11. a4 Nh5 12. Nxh5 Bxh5 13. Bc2 Bg6 14. b4 Nxb4 15.
cxb4 Bxb4+ 16. Bd2 Bc5 17. Rb1 Qc6 18. a5 Qa6 19. Bc3 O-O 20. Bb3 b5 21. axb6
axb6 22. Bd5 Rab8 23. Nh4 Bh7 24. Qf3 b5 25. Qg3 Qb6 26. O-O c6 27. Nf5 Bxf5
28. exf5 cxd5 29. f6 g6 30. Qh4 Be3 31. fxe3 Qxe3+ 32. Kh1 h5 33. Bb2 Qh6 34.
Bc1 Qh8 35. Qg5 Rfc8 36. Ba3 Rc6 37. Rfc1 Rcb6 38. Rc7 Rd8 39. Bc1 d4 40. Bd2
Rbb8 41. Bb4 Rb6 42. Rbc1 Rbb8 43. R1c6 Qh7 44. Bxd6 b4 45. Be7 Re8 46. Qc1 b3
47. Rc8 Kh8 48. Rxb8 Rxb8 49. Rc8+ Rxc8 50. Qxc8+ Qg8 51. Qb7 Qh7 52. Qxb3 g5
53. Qb8+ Qg8 54. Qxg8+ Kxg8 55. Bd6 g4 56. Bxe5 gxh3 57. gxh3 Kh7 58. Bxd4 Kg6
59. Kg2 1-0

[Event "DVM U16 2012"]
[Site "Naumburg (Saale) GER"]
[Date "2012.12.30"]
[Round "7"]
[White "Zoller, Philipp"]
[Black "Weis, Olga"]
[Result "1/2-1/2"]
[Termination "normal"]
[Board "9.4"]
[WhiteElo "1473"]
[BlackElo "1662"]
[WhiteTeam "SV Unterkochen"]
[BlackTeam "OSG Baden-Baden"]
[WhiteFideId "12964409"]
[BlackFideId "1270234"]
[EventCountry "GER"]
[EventRounds "7"]
[EventType "team-swiss"]
[EventDate "2012.12.26"]

1. e4 e5 2. Nf3 Nc6 3. Bc4 Bc5 4. c3 Nf6 5. d4 exd4 6. cxd4 Bb4+ 7. Nc3 Nxe4 8.
O-O Bxc3 9. d5 Bf6 10. Re1 O-O 11. Rxe4 Na5 12. Bd3 b6 13. Bc2 d6 14. Nd4 Bd7
15. Qd3 g6 16. Bh6 Bg7 17. Bxg7 Kxg7 18. Qg3 Qf6 19. Rae1 Rae8 20. Rxe8 Rxe8
21. Rxe8 Bxe8 22. Qc3 Qe5 23. Ne2 Qxc3 24. Nxc3 Nc4 25. b3 Ne5 26. f3 Kf6 27.
Kf2 c6 28. dxc6 Bxc6 29. Ke3 Ke6 30. Kd4 f5 31. h4 Nd7 32. Ne2 Nc5 33. Nc3 Na6
34. a3 Nc7 35. Bd3 1/2-1/2

[Event "DVM U16 2012"]
[Site "Naumburg (Saale) GER"]
[Date "2012.12.30"]
[Round "7"]
[White "Pilat, Fabian"]
[Black "Yankelevich, Lev"]
[Result "1/2-1/2"]
[Termination "normal"]
[Board "10.1"]
[WhiteElo "1939"]
[BlackElo "2177"]
[WhiteTeam "SG Bochum 1931"]
[BlackTeam "SG Trier"]
[WhiteFideId "24683396"]
[BlackFideId "24684074"]
[EventCountry "GER"]
[EventRounds "7"]
[EventType "team-swiss"]
[EventDate "2012.12.26"]

1. d4 Nf6 2. Nf3 g6 3. Nbd2 d6 4. e4 Bg7 5. Bc4 O-O 6. O-O c6 7. c3 Nbd7 8. Re1
e5 9. dxe5 dxe5 10. Nb3 Qe7 11. Qc2 Nc5 12. Bg5 h6 13. Bh4 g5 14. Bg3 Nh5 15.
Nxc5 Qxc5 16. Bb3 Bg4 17. Nd2 Nf4 18. Nf1 Rad8 19. Ne3 Bc8 20. Rad1 b5 21. Rxd8
Rxd8 22. Rd1 Qe7 23. Rxd8+ Qxd8 24. Qd1 Qxd1+ 25. Nxd1 Kf8 26. Kf1 a5 27. Bxf4
exf4 28. Ke2 a4 29. Bc2 Be6 30. a3 Ke7 31. f3 Kd6 32. Kd2 h5 33. h3 g4 34. hxg4
hxg4 35. Nf2 g3 36. Nd3 c5 37. Ne1 Bd7 38. Nd3 Bc6 39. Ke2 Bh6 40. Bb1 c4 41.
Nb4 Bb7 42. Na2 Ke5 43. Nc1 Bf8 44. Kf1 Bc5 45. Ne2 Be3 46. Bc2 Kd6 47. Bb1 Kc5
48. Bc2 Ba6 49. Bb1 Kd6 50. Bc2 Ke5 51. Bb1 Bd2 52. Bc2 Bc8 53. Bb1 Bd7 54. Bc2
Be3 55. Bb1 Bf2 56. Bc2 Be3 57. Bb1 Kf6 58. Bc2 Kg5 59. Bb1 Kh4 60. Bc2 Bh3 61.
Bb1 f6 62. Bc2 Bd7 63. Bb1 Be8 64. Bc2 Bc6 65. Bb1 Bd7 66. Bc2 Be8 67. Bd1 Kg5
68. Ke1 Kh5 69. Bc2 Kh4 70. Kf1 Bh5 71. Bb1 Bxf3 72. gxf3 Kh3 73. e5 fxe5 74.
Be4 g2+ 75. Ke1 Bc1 76. Bc6 Bxb2 77. Kd2 1/2-1/2

[Event "DVM U16 2012"]
[Site "Naumburg (Saale) GER"]
[Date "2012.12.30"]
[Round "7"]
[White "Bauer, Lukas"]
[Black "Fistoul, Boris"]
[Result "1/2-1/2"]
[Termination "normal"]
[Board "10.2"]
[WhiteElo "1689"]
[BlackElo "1654"]
[WhiteTeam "SG Trier"]
[BlackTeam "SG Bochum 1931"]
[WhiteFideId "12907715"]
[BlackFideId "12953962"]
[EventCountry "GER"]
[EventRounds "7"]
[EventType "team-swiss"]
[EventDate "2012.12.26"]

1. d4 e6 2. c4 f5 3. Nc3 Nf6 4. g3 d5 5. Bg2 c6 6. Nf3 Be7 7. b3 O-O 8. Qc2 Ne4
9. Bb2 Nd7 10. Ne5 Nxe5 11. dxe5 Nxc3 12. Bxc3 a5 13. Rd1 Bd7 14. a4 g5 15. O-O
Be8 16. e4 fxe4 17. Bxe4 h6 18. Bg2 Kg7 19. cxd5 cxd5 20. Qd2 b6 1/2-1/2

[Event "DVM U16 2012"]
[Site "Naumburg (Saale) GER"]
[Date "2012.12.30"]
[Round "7"]
[White "Fistoul, Ilja"]
[Black "Kim, Yun-Ghi"]
[Result "0-1"]
[Termination "normal"]
[Board "10.3"]
[WhiteElo "1605"]
[BlackElo "1745"]
[WhiteTeam "SG Bochum 1931"]
[BlackTeam "SG Trier"]
[WhiteFideId "12953580"]
[BlackFideId "12925888"]
[EventCountry "GER"]
[EventRounds "7"]
[EventType "team-swiss"]
[EventDate "2012.12.26"]

1. e4 e6 2. d4 d5 3. Nd2 Nf6 4. e5 Nfd7 5. f4 c5 6. c3 Nc6 7. Ndf3 Qb6 8. Ne2
cxd4 9. cxd4 Be7 10. g3 f6 11. Bg2 O-O 12. exf6 Nxf6 13. O-O Bd7 14. b3 Rac8
15. Bb2 a5 16. Ne5 Nxe5 17. fxe5 Ng4 18. Rxf8+ Rxf8 19. Nf4 Nxe5 20. Bxd5 Nf7
21. Bg2 Bg5 22. Bc1 e5 23. Ne2 Bg4 24. Bf1 Bf6 25. Ba3 exd4 26. Bxf8 d3+ 27.
Kh1 Bf3+ 28. Bg2 Bxe2 0-1

[Event "DVM U16 2012"]
[Site "Naumburg (Saale) GER"]
[Date "2012.12.30"]
[Round "7"]
[White "Bach, Marc-Andre"]
[Black "Schwerdtfeger, Lukas"]
[Result "1-0"]
[Termination "normal"]
[Board "10.4"]
[WhiteElo "1720"]
[BlackElo "1418"]
[WhiteTeam "SG Trier"]
[BlackTeam "SG Bochum 1931"]
[WhiteFideId "1270773"]
[EventCountry "GER"]
[EventRounds "7"]
[EventType "team-swiss"]
[EventDate "2012.12.26"]

1. e4 e5 2. Nf3 Nc6 3. Bc4 Bc5 4. c3 Bb6 5. d4 exd4 6. cxd4 Ba5+ 7. Bd2 Nf6 8.
d5 Bxd2+ 9. Qxd2 Ne7 10. e5 Nh5 11. g4 Nf4 12. Qxf4 O-O 13. h4 b6 14. h5 Bb7
15. Nc3 a6 16. h6 g6 17. Qf6 Nf5 18. Qxd8 Raxd8 19. gxf5 Rde8 20. Ne4 Kh8 21.
Nf6 Re7 22. O-O-O b5 23. Bb3 c6 24. d6 1-0